Meilleurs pays du monde en handball - Statistiques

Statistiques générales
  • Ce quiz a été pris 879 fois
  • Le résultat moyen est 22 sur 30
Statistiques - réponses
Nombre de médailles
or + argent + bronze
Pays % Correct
Championnat du monde 1 18 France
100%
2 8 France
100%
2 26 France
100%
4 13 Danemark
92%
3 7 Danemark
92%
4 20 Danemark
92%
7 10 Allemagne
90%
3 7 Allemagne
90%
7 6 Allemagne
90%
5 17 Allemagne
90%
4 13 Norvège
90%
3 7 Norvège
90%
3 21 Norvège
90%
6 12 Suède
90%
8 4 Suède
90%
6 16 Suède
90%
2 17 Russie
74%
Jeux olympiques 1 13 Russie
74%
Cumul JO et Championnat du monde 1 30 Russie
74%
7 10 Hongrie
54%
10 3 Hongrie
54%
9 13 Hongrie
54%
7 10 Roumanie
48%
8 4 Roumanie
48%
7 14 Roumanie
48%
3 14 Serbie
45%
7 14 Serbie
45%
10 8 Tchéquie
40%
10 9 Tchéquie
40%
3 7 Corée-du-Sud
16%
Aucun quiz correspondant
Distribution des résultats
% des personnes avec chaque résultat
Percentile par nombre de réponses
Votre historique - résultats
Vous n’avez pas pris ce quiz